Statistics for Soul Foods

Click here to take the quiz!

General Stats

  • This quiz has been taken 11 times
  • The average score is 9 of 25

Answer Stats

DescriptionAnswer% Correct
Dish of fried chicken and this sweet food which is shaped by an iron; often drizzled in maple syrupChicken and {waffles}
82%
Bread made from cornmeal that is typically cooked in a skilletCornbread
82%
Dark-red chocolate cake{Red} {velvet} cake
82%
Thickened Louisiana shellfish and vegetable stewGumbo
64%
Pasta and cheese sauce dish often served as a side dish with soul mealsMac and cheese
64%
A seafood boil in the south can use this crustacean that looks like a mini lobsterCrayfish
55%
Green vegetable used to thicken the above; can also be served as a fried snackOkra
55%
Cake popular in the south which is typically made with a pound of each of its ingredientsPound cake
55%
Legume often cooked as a side dish that shares its name with a hip-hop group{Black}-{eyed} peas
45%
Lowcountry porridge made from ground dried maize that can be served savoury or sweet. A common meal includes shrimp and thisGrits
45%
Dish that is prepared by slicing, seasoning with spices and sugar, and baking this orange root vegetableCandied {yams}
36%
The most commonly fried fish in soul cuisine that is fried in a manner similar to that of fried chickenCatfish
36%
Example of a vegetable commonly boiled with the above meatCollard greens
36%
Tail of a cattle that is known for its tenderness when slow-cooked. Its most common dish in the south involves this cooked and 'smothered' in gravyOxtail
36%
Dessert prepared by covering peaches with a biscuit topping before being bakedPeach cobbler
36%
Cut of a pig that is typically either smoked or boiled with vegetables in soul cuisineHam hock
18%
Side dish of deep-fried cornmeal ballsHushpuppies
18%
Dessert similar in texture and appearance to pumpkin pieSweet potato pie
18%
Vanilla-flavoured dessert made with custard, wafers, bananas and whipped creamBanana pudding
9%
Cleaned pig intestines which can be slow-cooked or battered and friedChitlins
9%
Greens that have a strong flavour resemblant of its own nameMustard greens
9%
Name for the cuts of beef that are stewed and served with gravy in a common southern dishBeef {tips}
0%
A dish consisting of the breaded and deep fried ribs of this fish{Buffalo} ribs
0%
Cured, fatty layers of porkFatback
0%
Type of tea that is often sweetened, spiced and served cold for a refreshing drink; it has a deep-red colourHibiscus tea
0%

Score Distribution

Percentile by Number Answered

Percent of People with Each Score

Your Score History

You have not taken this quiz